000 00215 a2200097 4500
001 61564
090 _c37096
_d37096
245 _aArmament (GD(P) Courses)
260 _aPAF Press Masroor
_bPAF Press Masroor
300 _aii130p.
942 _aCAENUST
999 _c296637
_d296637